| 000 | 00403nam a22001457a 4500 | ||
|---|---|---|---|
| 003 | OSt | ||
| 008 | 210913b ||||| |||| 00| 0 eng d | ||
| 020 | _a9789380235530 | ||
| 082 |
_a628.44 _bSAN/AG |
||
| 100 |
_aSannigrahi, Asoke Kumar _943 |
||
| 245 | _aAgriculture and waste management for sustainable future | ||
| 260 |
_aNew Delhi _bNew India Publishing Agency _c2011 |
||
| 300 | _a236 p | ||
| 942 | _cBK | ||
| 999 |
_c13734 _d13734 |
||